书目信息 |
| 题名: |
在家种蔬果
|
|
| 作者: | 阿克约德 著 ;刘琴博 译 | |
| 分册: | ||
| 出版信息: | 北京 中国轻工业出版社 2018 |
|
| 页数: | 192页 | |
| 开本: | 23cm | |
| 丛书名: | 美好生活课堂 | |
| 单 册: | ||
| 中图分类: | S63 , S66 | |
| 科图分类: | ||
| 主题词: | 蔬菜园艺--shu cai yuan yi , 果树园艺--guo shu yuan yi | |
| 电子资源: | ||
| ISBN: | 978-7-5184-1313-3 | |
| 000 | 01443nam 2200337 450 | |
| 001 | 012001003278 | |
| 005 | 20140129165553.0 | |
| 010 | @a978-7-5184-1313-3@dCNY68.00 | |
| 099 | @aCAL 012018062722 | |
| 100 | @a20180528d2018 em y0chiy50 ea | |
| 101 | 1 | @achi@ceng |
| 102 | @aCN@b110000 | |
| 105 | @aa z 001yy | |
| 106 | @ar | |
| 200 | 1 | @a在家种蔬果@Azai jia zhong shu guo@d= A little course in veg & fruit@f(英) 西蒙·阿克约德著@g刘琴博译@zeng |
| 210 | @a北京@c中国轻工业出版社@d2018 | |
| 215 | @a192页@c彩图@d23cm | |
| 225 | 2 | @a美好生活课堂@Amei hao sheng huo ke tang |
| 314 | @a西蒙·阿克约德 (Simon Akeroyd), 波勒思顿列斯庄园的花园及郊野的管理者, 曾为英国皇家园艺学会的花园管理者。 | |
| 320 | @a有索引 | |
| 330 | @a本书详细介绍了如何在家里利用有限的空间播种、栽培以及收获蔬菜和水果等, 让您快速地建立信息和习得技巧。全书共分三篇, 基础篇介绍了播种、移植、灌溉等园艺基础知识以及基本的植物养护, 强化篇介绍了马铃薯、辣椒、胡萝卜等的栽种方法, 拓展篇介绍了如何规划一座厨房花园, 以及蓝莓、李树等的栽培方法。 | |
| 410 | 0 | @12001 @a美好生活课堂 |
| 500 | 10 | @aLittle course in veg and fruit@ALittle course in veg and fruit@mChinese |
| 606 | 0 | @a蔬菜园艺@Ashu cai yuan yi |
| 606 | 0 | @a果树园艺@Aguo shu yuan yi |
| 690 | @aS63@v5 | |
| 690 | @aS66@v5 | |
| 701 | 1 | @a阿克约德@Aa ke yue de@g(Akeroyd, Simon)@4著 |
| 702 | 0 | @a刘琴博@Aliu qin bo@4译 |
| 801 | 2 | @aCN@b北京卓展@c20191020 |
| 905 | @b1211050-3@dS63@e573@f4 | |
| 在家种蔬果= A little course in veg & fruit/(英) 西蒙·阿克约德著/刘琴博译.-北京:中国轻工业出版社,2018 |
| 192页:彩图;23cm.-(美好生活课堂) |
| ISBN 978-7-5184-1313-3:CNY68.00 |
| 本书详细介绍了如何在家里利用有限的空间播种、栽培以及收获蔬菜和水果等, 让您快速地建立信息和习得技巧。全书共分三篇, 基础篇介绍了播种、移植、灌溉等园艺基础知识以及基本的植物养护, 强化篇介绍了马铃薯、辣椒、胡萝卜等的栽种方法, 拓展篇介绍了如何规划一座厨房花园, 以及蓝莓、李树等的栽培方法。 |
| ● |
| 相关链接 |
|
|
|
|
正题名:在家种蔬果
索取号:S63/573
 
预约/预借
| 序号 | 登录号 | 条形码 | 馆藏地/架位号 | 状态 | 备注 |
| 1 | 1211050 | 212110507 | 第二样本阅览室/ [索取号:S63/573] | 在馆 | |
| 2 | 1211051 | 212110516 | 第三借阅区/ [索取号:S63/573] | 在馆 | |
| 3 | 1211052 | 212110525 | 第三借阅区/ [索取号:S63/573] | 在馆 | |
| 4 | 1211053 | 212110534 | 第三借阅区/ [索取号:S63/573] | 在馆 |